<?xml version="1.0" encoding="UTF-8"?><?xml-stylesheet type="text/xsl" href="static/style.xsl"?><OAI-PMH xmlns="http://www.openarchives.org/OAI/2.0/" xmlns:xsi="http://www.w3.org/2001/XMLSchema-instance" xsi:schemaLocation="http://www.openarchives.org/OAI/2.0/ http://www.openarchives.org/OAI/2.0/OAI-PMH.xsd"><responseDate>2026-04-13T02:46:58Z</responseDate><request verb="GetRecord" identifier="oai:www.recercat.cat:2072/423573" metadataPrefix="marc">https://recercat.cat/oai/request</request><GetRecord><record><header><identifier>oai:recercat.cat:2072/423573</identifier><datestamp>2024-10-29T15:30:56Z</datestamp><setSpec>com_2072_98</setSpec><setSpec>col_2072_378197</setSpec></header><metadata><record xmlns="http://www.loc.gov/MARC21/slim" xmlns:dcterms="http://purl.org/dc/terms/" xmlns:xsi="http://www.w3.org/2001/XMLSchema-instance" xmlns:doc="http://www.lyncode.com/xoai" xsi:schemaLocation="http://www.loc.gov/MARC21/slim http://www.loc.gov/standards/marcxml/schema/MARC21slim.xsd">
   <leader>00925njm 22002777a 4500</leader>
   <datafield ind2=" " ind1=" " tag="042">
      <subfield code="a">dc</subfield>
   </datafield>
   <datafield ind2=" " ind1=" " tag="720">
      <subfield code="a">Sánchez Hugalde, Adriana</subfield>
      <subfield code="e">author</subfield>
   </datafield>
   <datafield ind2=" " ind1=" " tag="720">
      <subfield code="a">Xarxa de Referència en Economia Aplicada (XREAP)</subfield>
      <subfield code="e">author</subfield>
   </datafield>
   <datafield ind2=" " ind1=" " tag="260">
      <subfield code="c">2007</subfield>
   </datafield>
   <datafield ind2=" " ind1=" " tag="520">
      <subfield code="a">Este trabajo empírico estudia la influencia de la presencia de inmigrantes en la elección escolar de los individuos en una de las regiones más pobladas de España: Cataluña. Se estima, mediante el modelo de Poisson, la probabilidad de que un colegio sea escogido, tanto por nativos como por inmigrantes, respectivamente, cuando existan alumnos inmigrantes en dicha escuela. La información, procedente del Departamento de Educación de Cataluña, contiene características escolares de todos los centros de educación primaria y secundaria de Cataluña durante los años académicos 2001/02 y 2002/03. Los resultados obtenidos apoyan la evidencia de que las familias autóctonas catalanas escapan de colegios con presencia de inmigrantes. Los autóctonos manifiestan fuertes preferencias de no interactuar con los inmigrantes. Los centros privados concertados son más efectivos a la hora de escapar de los no nativos. Finalmente, el factor principal para la elección escolar para los no nativos es la existencia de individuos de su misma condición en las escuelas.</subfield>
   </datafield>
   <datafield ind2=" " ind1=" " tag="520">
      <subfield code="a">This empirical work studies the influence of immigrant students on individuals' school choice in one of the most populated regions in Spain: Catalonia. It has estimated, following the Poisson model, the probability that a certain school, which immigrant students are already attending, may be chosen by natives as well as by immigrants, respectively. The information provided by the Catalonia School Department presents school characteristics of all the primary and secondary schools in Catalonia during the 2001/02 and 2002/03 school years. The results obtained support the evidence that Catalonia native families avoid schools attended by immigrants. Natives certainly prefer not to interact with immigrants. Private schools are more successful in avoiding immigrants. Finally, the main reason for non-natives' choice is the presence of other non-natives in the same school.</subfield>
   </datafield>
   <datafield tag="653" ind2=" " ind1=" ">
      <subfield code="a">Elección escolar</subfield>
   </datafield>
   <datafield tag="653" ind2=" " ind1=" ">
      <subfield code="a">Inmigración</subfield>
   </datafield>
   <datafield tag="653" ind2=" " ind1=" ">
      <subfield code="a">School choice</subfield>
   </datafield>
   <datafield tag="653" ind2=" " ind1=" ">
      <subfield code="a">Immigration</subfield>
   </datafield>
   <datafield tag="653" ind2=" " ind1=" ">
      <subfield code="a">Elecció d'escoles</subfield>
   </datafield>
   <datafield tag="653" ind2=" " ind1=" ">
      <subfield code="a">Emigració i immigració</subfield>
   </datafield>
   <datafield tag="653" ind2=" " ind1=" ">
      <subfield code="a">Model de Poisson</subfield>
   </datafield>
   <datafield tag="653" ind2=" " ind1=" ">
      <subfield code="a">Catalunya</subfield>
   </datafield>
   <datafield ind2="0" ind1="0" tag="245">
      <subfield code="a">Influencia de la inmigración en la elección escolar</subfield>
   </datafield>
</record></metadata></record></GetRecord></OAI-PMH>